00660 a2200145 4500003000500000005001700005040000900022082001000031100002000041245005900061300001000120505033500130538002900465650002000494Nust20170207153457.0 cNust a915.4 aBlavatsky. H .P aFrom the Caves And Jungles of HindustancH.P Blavatsky a318:p aIn Bombay (Page-3) On The Way to Karle(Page-43) In The Karle Caves (page-66) Vanished Glories (Page-105) A City of the Dead (Page-125) Brahmanic Hospitalities (Page-140) A Witch Den (Page-176) God Warrior (Page-196) The Banns of Marriage (Page-215) The Caves of Bag(Page-234) An Isle of Mystery (Page-259) Jubbulpore(Page-276)  aAlmirah No.60 Shelf No.1 aIndia Geography